000 00612nam a2200241 a 4500
001 0001-1012
003 ELIB.Books
008 141022 2010 eng
020 _a139780511398698
035 _a(ELIB.Books)0001-1166
092 _a230
_bKim
100 _aKim, Sebastian C. H.
245 _aChristian Theology in Asia
260 _aCambridge
_bCambridge University Press
_c2008
300 _a296
_c20.7 Cm
500 _aLibrary
650 _aTheology
856 _nKBTS; Library
_uKBTS; Elib.
942 _2ddc
_cBK
990 _a1
998 _cbat
_e2014-10-22
999 _c11012
_d11012